| 000 | 00443cam a2200181ua 4500 | ||
|---|---|---|---|
| 020 | _c9.00 | ||
| 041 |
_ahin _h |
||
| 082 |
_a891.43 _bSAR/JE |
||
| 100 | _aRadhakrishnan, S . | ||
| 245 |
_aJeevan ki adhyathmik drishti / _cS Radhakrishnan. _hTextual Documents |
||
| 250 |
_a1 / _b. |
||
| 260 |
_aDelhi : _bRajkamal Prakashan , _c1932. |
||
| 300 | _a365 ; . | ||
| 365 | _a9.00 | ||
| 504 | _a | ||
| 942 | _cBK | ||
| 999 |
_c12519 _d12519 |
||